kku e-library facility

Organic Chemistry Volume 2: Stereochemistry and the Chemistry of Natural products (Record no. 229)

MARC details
000 -LEADER
fixed length control field 00455nam a22001457a 4500
005 - DATE AND TIME OF LATEST TRANSACTION
control field 20260422112153.0
008 - FIXED-LENGTH DATA ELEMENTS--GENERAL INFORMATION
fixed length control field 260422b |||||||| |||| 00| 0 eng d
020 ## - INTERNATIONAL STANDARD BOOK NUMBER
International Standard Book Number 978-81-775-8541-4
100 ## - MAIN ENTRY--PERSONAL NAME
Personal name Finar I L
245 ## - TITLE STATEMENT
Title Organic Chemistry Volume 2: Stereochemistry and the Chemistry of Natural products
Statement of responsibility, etc. /I. L. Finar
250 ## - EDITION STATEMENT
Edition statement 5th ed
260 ## - PUBLICATION, DISTRIBUTION, ETC.
Place of publication, distribution, etc. India;
Name of publisher, distributor, etc. Dorling Kindersley (India) Pvt.Ltd;
Date of publication, distribution, etc. 1975
300 ## - PHYSICAL DESCRIPTION
Extent 956p.ill
Dimensions 23.5cm
942 ## - ADDED ENTRY ELEMENTS (KOHA)
Source of classification or shelving scheme Dewey Decimal Classification
Koha item type Books
Suppress in OPAC No

No items available.

©2025 All rights reserved. KKU